| 000 | 01115nam a2200265 i 4500 | ||
|---|---|---|---|
| 001 | 153584 | ||
| 003 | ES-MaACL | ||
| 005 | 20250816091139.0 | ||
| 008 | 990708s1766 fr f |||| | fre d | ||
| 040 |
_aCLM _bspa _cCLM |
||
| 100 | 1 |
_aDuhamel Du Monceau, Henri-Louis. _9146391 |
|
| 245 | 1 | 2 |
_aL'art du couvreur / _cpar M. Duhamel de Monceau. |
| 260 |
_a[Paris] : _bde l' Imp. de L.F. Delatour, _c1766. |
||
| 300 |
_a[2], 56 p., IV h. de grab. ; _cFol. (44 cm) |
||
| 490 | 1 | _aDescriptions des arts et métiers faites ou approuvées par Messieurs de l'Académie Royale des Sciences | |
| 530 | _aDisponible en formato digital. | ||
| 597 | _aSign.: []1, A-O2. | ||
| 599 | _aLas h. de grab. calc. | ||
| 650 | 4 |
_aPizarra- _vObras anteriores a 1800. _9153990 |
|
| 830 | 0 | 0 |
_aDescriptions des arts et métiers _9241750 |
| 852 |
_aES-MaACL _jR-53(4) _z- Enc. hol _x Olim: C-10827-70 |
||
| 852 |
_aES-MaACL _jR-2055 _z- Enc. pasta española grab. con hierros _x- Olim: C-10824. |
||
| 856 |
_uhttp://gallica.bnf.fr/ark:/12148/bpt6k1065610t?rk=21459;2 _zBNF-Gallica |
||
| 999 |
_c153584 _d153584 |
||